Geography Quiz

Random Geography or World Quiz
Score 0/24 Timer 10:00
2 Plays Today
% Correct
Loch Ness
87%
Mount Rushmore National Memorial
86.2%
Stonehenge
84.8%
Niagara Falls
83.8%
Alcatraz Island
83.7%
Tower of London
78.8%
Củ Chi Tunnels
77.3%
Tower of Pisa
75.4%
Hagia Sophia
72.9%
Tiananmen Square
72%
The Little Mermaid Statue
70.3%
Angkor Wat
69.6%
% Correct
Tower Bridge
68.9%
Sistine Chapel
66.6%
St. Mark's Square
65%
Charles Bridge
62.4%
Uluru
61.8%
Eiffel Tower
59.6%
Checkpoint Charlie
59.5%
Lincoln Memorial
58.7%
York Minster
58.5%
Sydney Opera House
56.9%
Giant's Causeway
52.1%
Angel of the North
49.4%
Remove Ads.
Support Sporcle.
Get the best of Sporcle when you Go Orange. This ad-free experience offers more features, more stats, and more fun while also helping to support Sporcle. Thank you for becoming a member.

You're not logged in!

Compare scores with friends on all Sporcle quizzes.
OR
Log In

Sporcle TV

Today on Sporcle TV


Watch our educational content, quiz creation guides, and fun videos on Sporcle TV.

Show Comments

Extras

Top Quizzes Today


Score Distribution

Paid Content

Your Account Isn't Verified!

In order to create a playlist on Sporcle, you need to verify the email address you used during registration. Go to your Sporcle Settings to finish the process.

Report this User

Report this user for behavior that violates our Community Guidelines.

Details: